[Event "Hiroshima Chushikoku-ch"]
[Site "Hiroshima"]
[Date "2023.02.04"]
[Round "3"]
[White "Iizuka, Hiroshi"]
[Black "Abe, Yuta"]
[Result "0-1"]
[WhiteElo "1322"]
[BlackElo "1703"]
[PlyCount "72"]
[EventDate "2023.02.04"]
[EventType "swiss"]
[EventRounds "5"]
[EventCountry "JPN"]
[SourceTitle "CBM 212 Extra"]
[Source "ChessBase"]
[SourceDate "2023.03.31"]
[SourceVersion "1"]
[SourceVersionDate "2023.03.31"]
[SourceQuality "1"]

1. e4 Nf6 2. e5 Nd5 3. d4 d6 4. Nf3 dxe5 5. Nxe5 c6 6. Bc4 g6 7. 0-0 Be6 8. Qf3 Nd7 9. Ng4 h5 10. Ne3 N7f6 11. Nxd5 Bxd5 12. Bxd5 Qxd5 13. Qxd5 Nxd5 14. c3 e6 15. Nd2 Bg7 16. Nc4 Kd7 17. Rd1 Rhd8 18. Ne5+ Ke8 19. Nd3 b6 20. Bg5 f6 21. Bd2 Kf7 22. Re1 Ne7 23. Be3 e5 24. Rad1 exd4 25. Bxd4 Nf5 26. Be3 Bf8 27. Bf4 g5 28. Bc1 a5 29. a3 Be7 30. f4 g4 31. b4 axb4 32. axb4 Nd6 33. Nf2 Nb5 34. c4 Nd6 35. c5 bxc5 36. bxc5 Nb7 0-1